Groupoides

Αποθηκεύτηκε σε:
Λεπτομέρειες βιβλιογραφικής εγγραφής
Κύριος συγγραφέας: Papy
Μορφή: Βιβλίο
Γλώσσα:English
Δημοσίευση: Paris : Presses Universitaires de France, 1965
Θέματα:
Ετικέτες: Προσθήκη ετικέτας
Δεν υπάρχουν, Καταχωρήστε ετικέτα πρώτοι!

MARC

LEADER 00000cam a2200000 i 4500
001 1/9583
008 100720s1965 eng d
035 |l 10108694 
040 |a GR-MY-UA  |b gre  |e aacr 
041 0 |a eng 
082 0 |a 512.2  |2 (22) 
100 1 |a Papy. 
245 1 0 |a Groupoides /  |c Georges Papy 
260 |a Paris :   |b Presses Universitaires de France,   |c 1965 
300 |a 105 σ.;  |b εικ.;  |c 24 εκ. 
504 |a Βιβλιογραφία: σ. [109]. Ευρετήριο 
650 0 0 |a Group theory. 
852 |a INST  |b SAMOS  |c MAG  |e 20100720  |h 512.2 PAP  |p 005300031435  |q 005300031435  |t BK  |y 0 
901 |a BIBL3-2010-2 
909 |a Σ  |b 165903 
970 |a ΣΙΤΖΙΜΗ  |b ΓΙΑΣΕΜΗ  |z 2010/07/20